| 000 | 00369 a2200109 4500 | ||
|---|---|---|---|
| 001 | ART_48168 | ||
| 005 | 20260410162032.0 | ||
| 008 | 260409a | ||
| 245 | 1 | 0 | _aCueros. Rama curtiembre CCT 338/1975 y rama curtiembre y teñidos empleados CCT 392/1975 |
| 100 | 1 | _aGodoy, Laura M. | |
| 773 | 0 |
_tLiquidación de sueldos _g- N° 151 (dic. 2018) _wREV44399 |
|
| 999 |
_c34130 _d34130 |
||